Harry Potter and the Cursed Child Playscript quiz Stats

 Plays Quiz not verified by Sporcle

Score 0/10 Timer 02:00
0 Plays Today
Question Answer % Correct
What house is Albus Severus in?Slytherin
98.2%
Who is minister for magic?Hermione
95.7%
Who is Delphi's mother?Bellatrix
84.8%
In the first new universe created with the time-turner, who was Ron married to? Padma
81.5%
Who was headmistress of Hogwarts in the universe where Voldemort won?Dolores Umbridge
79.1%
What does Albus steal from James?Invisibility cloak
68.9%
What charm do Albus and Scorpius use to try and stop Cedric Diggory in the first task?Expelliarmus
65.4%
Scorpius's mother died at the beginning of which school year?Third
62.1%
Where was Delphi born?Malfoy Manor
51.9%
What animal did Harry reveal he was secretly scared of? Pigeon
48.9%

You're not logged in!

Compare scores with friends on all Sporcle quizzes.
OR
Log In

Sporcle TV

Today on Sporcle TV


Watch our educational content, quiz creation guides, and fun videos on Sporcle TV.

Show Comments

Extras

Top Quizzes Today


Score Distribution

Your Account Isn't Verified!

In order to create a playlist on Sporcle, you need to verify the email address you used during registration. Go to your Sporcle Settings to finish the process.

Report this User

Report this user for behavior that violates our Community Guidelines.

Details: